| 000 | 00710nam a2200241 a 4500 | ||
|---|---|---|---|
| 001 | BRCA_6649 | ||
| 005 | 20190320205536.0 | ||
| 008 | 111011s1909----gw-#######---#000-0#ger-# | ||
| 041 | _ager | ||
| 044 | _agw | ||
| 050 | 4 |
_aB3263 _b.W45 1909 |
|
| 100 | 1 |
_aHaeckel, Ernst Heinrich Philipp August _d1834-1919 _916649 |
|
| 245 | 1 | 0 |
_aDie Welträtsel _bGemeinverständliche Studien über monistische Philosophie _cErnst Haeckel. |
| 260 |
_aLeipzig _bAlfred Kroener _c1909 |
||
| 300 |
_a240 p. _c17 cm. |
||
| 500 | _aL153 | ||
| 650 | 1 | 4 |
_aMonismo (Filosofía) _916650 |
| 650 | 1 | 4 |
_aEvolución _916651 |
| 650 | 1 | 4 |
_aReligión y ciencia _916652 |
| 650 | 1 | 4 |
_aHombre _xOrigen _916653 |
| 902 | _aGFM | ||
| 942 |
_2lcc _cB |
||
| 999 |
_c6333 _d6333 |
||